Statistics for Hottest City by Country

Click here to take the quiz!

General Stats

  • This quiz has been taken 22 times
  • The average score is 11 of 32

Answer Stats

HintAverage High in Hottest Month°CAverage in Hottest Month°CAnswer% Correct
United Kingdom75246619London
70%
Iraq1174710440Basra
65%
Spain97368328Sevilla
65%
Poland79266820Kraków
60%
Australia89327725Perth
60%
Sweden75246619Stockholm
60%
Morocco99378429Marrakech
55%
United States106419535Phoenix
55%
Nigeria105419334Sokoto
55%
France87317624Avignon
50%
Saudi Arabia113459837Dammam
50%
Pakistan111449736Larkana
45%
Chile86306921Santiago
45%
India108429535Akola
40%
Germany79266921Mannheim
40%
Japan93348429Osaka
40%
South Africa87317323Bloemfontein
35%
Ecuador90328228Guayaquil
35%
Italy90327926Catania
25%
Turkey103399133Şanlıurfa
25%
Egypt107429233Aswan
20%
Mexico108429334Mexicali
20%
Iran115469937Ahvaz
15%
Canada81277222Hamilton
15%
China94348630Hengyang
15%
Argentina95358127San Juan
15%
Russia91337926Astrakhan
10%
Indonesia95358228Makassar
10%
Brazil98378529Petrolina
10%
Peru94348228Piura
10%
Ukraine85297423Zaporizhzhia
10%
Colombia98378731Valledupar
5%

Score Distribution

Percentile by Number Answered

Percent of People with Each Score

Your Score History

You have not taken this quiz